000
00178nam a2200073Ia 4500
008
170523s9999 xx 000 0 und d
100
_a
Munson
245
0
_a
Fundamentals of Fluid Mechanics
260
_a
Wiley India
999
_c
12014
_d
12014